000 00376nam a2200157Ia 4500
008 230312s9999||||xx |||||||||||||| ||und||
020 _a81-203-3183-9
082 _a620.106
_bRAT-F
100 _aE,Rathakrishnan
245 0 _aFluid Mechanics
260 _bPHI Learning
_aIndia
_c2007
300 _a244
546 _aEng.
650 _aEngineering
_vboundry layer
942 _cBK
999 _c6416
_d6416